000 00391nam a2200145Ia 4500
008 230917s9999||||xx |||||||||||||| ||und||
040 _e169636
_aMAIN
041 _aEnglish
082 _a658.3 N213D:M
100 _aDas, Samir K
245 0 _aManagers, particfipation in management
260 _aCulcutta
_bNational Institute of Personnel Management
_c1983
300 _a24 p.
942 _cBK
999 _c92062
_d92062